00561nam a2200169Ia 4500003000400000008004100004040001600045082002100061100004100082245006700123260004600190300001000236490006200246650001900308650003000327650003400357GCL140319s9999 xx 000 0 ara d aGCL / cGCL04aطb229.7bع ع1 aعبدالسلام محمد بدوى10aالعجل الذهب / cعبدالسلام محمد بدوى a[S.N] : bدار المعارف ، c1991 a21 ص aعجائب المخلوقات فى كتاب اللهv004aالاطفال04aالقصص الدينية04aالقصص القرآنية